| 000 | 01596cad a22002415a 4500 | ||
|---|---|---|---|
| 001 | E147474 | ||
| 008 | 090514s2005 xxkao f 000 0 eng d | ||
| 035 | _a(Sirsi) u147474 | ||
| 041 | 0 | _aeng | |
| 050 | 0 | 4 | _a627.4 $2 18 |
| 110 | 2 |
_aScottish Environment Protection Agency _93523 |
|
| 245 | 0 | 0 |
_aProtecting your property from flooding _h[electronic resource] |
| 260 |
_a[Stirling] _bSEPA _c[2005] |
||
| 505 | 2 | _aIntroduction -- The sources of flooding -- Assessing the risk of flooding -- How water can enter your property -- How to protect your property -- Buying flood protection products -- Main types of flood protection products -- Wet proofing measures -- Useful contacts | |
| 520 | _aOffers advice to home owners on preparing for fooding and making their property more flood resistant. Quotes research undertaken by the insurance industry which suggests that half a metre of floodwater in a modern semi-detached house will result in repairs costing an average of £15 000-£30 000 with the replacement of belongings costing a further £9 000. Advises that being prepared for flooding can reduce the cost of repairs and help to minimise the cleaning up operation. | ||
| 521 | _aIntroductory | ||
| 651 | 4 |
_aScotland _y1999- |
|
| 690 | _aENVIRONMENTAL AND LAND CONSULTANCY-WATER RESOURCE MANAGEMENT-FLOODING | ||
| 710 | 1 |
_aAssociation of British Insurers _93272 |
|
| 710 | 1 |
_aConstruction Industry Research and Information Association _94810 |
|
| 856 | 4 | 0 |
_uhttps://www.sepa.org.uk/flooding/flooding_publications.aspx _zView the guide free of charge at www.sepa.org.uk... |
| 942 | _n0 | ||
| 999 |
_c109575 _d109575 |
||